Inter Milan Squad 2020/21 - Statistics

General Stats
  • This quiz has been taken 93 times
  • The average score is 19 of 25
Answer Stats
Number Position Nation Player % Correct
1 GK Slovenia Samir Handanovic
97%
2 MF Morocco Achraf Hakimi
96%
9 FW Belgium Romelu Lukaku
95%
10 FW Argentina Lautaro Martinez
93%
77 MF Croatia Marcelo Brozovic
93%
6 DF Netherlands Stefan De Vrij
93%
7 FW Chile Alexis Sanchez
92%
23 MF Italy Nicolo Barella
92%
24 MF Denmark Christian Eriksen
89%
95 DF Italy Alessandro Bastoni
88%
22 MF Chile Arturo Vidal
85%
37 DF Slovakia Milan Skriniar
85%
14 MF Croatia Ivan Perisic
81%
8 MF Uruguay Matias Vecino
80%
15 MF England Ashley Young
79%
36 DF Italy Matteo Darmian
76%
11 DF Serbia Aleksandar Kolarov
69%
5 MF Italy Roberto Gagliardini
69%
33 DF Italy Danilo D'Ambrosio
64%
97 GK Romania Ionut Andrei Radu
64%
12 MF Italy Stefano Sensi
59%
13 DF Italy Andrea Ranocchia
55%
27 GK Italy Daniele Padelli
49%
99 FW Italy Andrea Pinamonti
47%
35 GK Serbia Filip Stankovic
47%
No matching quizzes found
Score Distribution
Percent of People with Each Score
Percentile by Number Answered
Your Score History
You have not taken this quiz